Nové trendy v marketingovej komunikácii - tvorba infraštruktúry
IKT je zdrojom rastu a konkurencieschopnosti. Investície EÚ do výskumu IKT ešte vždy zaostávajú za našimi konkurentami. Jednotný európsky informačný priestor. Iniciatíva Európskej komisiae i2010 a digitálna konvergencia. Elektronický marketing. Informačná demokracia - plná informovanosť zákazníka, v...
Gespeichert in:
| 1. Verfasser: | |
|---|---|
| Format: | Buchkapitel |
| Sprache: | Slowakisch |
| Schlagworte: | |
| Tags: |
Keine Tags, Fügen Sie das erste Tag hinzu!
|
MARC
| LEADER | 00000naa$a2200000$$$4500 | ||
|---|---|---|---|
| 001 | 0059207 | ||
| 005 | 20240502071647.0 | ||
| 041 | 0 | |a slo | |
| 044 | |a SK | ||
| 245 | 1 | 0 | |a Nové trendy v marketingovej komunikácii - tvorba infraštruktúry |c Miroslav Mariaš |
| 520 | |a IKT je zdrojom rastu a konkurencieschopnosti. Investície EÚ do výskumu IKT ešte vždy zaostávajú za našimi konkurentami. Jednotný európsky informačný priestor. Iniciatíva Európskej komisiae i2010 a digitálna konvergencia. Elektronický marketing. Informačná demokracia - plná informovanosť zákazníka, vzájomná komunikácia a marketingové aktivity na úrovni "pripojiť sa k zákazníkovi a spolupracovať v zmysle obojstrannej vzájomnej výhodnosti". | ||
| 610 | 2 | 0 | |a technológie informačné |
| 610 | 2 | 0 | |a technológie komunikačné |
| 610 | 2 | 0 | |a Európska únia |
| 610 | 2 | 0 | |a marketing |
| 610 | 2 | 0 | |a elektronizácia |
| 610 | 2 | 0 | |a systém CRM |
| 610 | 2 | 0 | |a komunikácia marketingová |
| 100 | 1 | |a Mariaš, Miroslav | |